00871nam a22002417a 450000500170000001000130001702000100003003500130004003700160005304000120006908200150008110000290009624500930012526000450021827000620026330000320032550000510035765000340040865000220044294200240046499900190048895201220050720170124110022.0 aB-011516 c00.00 aB-011516 bCen Lib/Ret aDPLbEN a509.2bDAS aDasgupta, Subrata919937 aJagadis Chandra Bose and the indian response to western science /cby Subrata Dasgupta aNew DelhibOxford University Pressc1999 aYACM Library Building, Jai Singh Road bNew Delhie110001 axii,309p. :bill.c22cm(Hb) aIncludes bibliographical references and index. aDiscoveries in science921768 aPhysicists921769 2ddccENh509.3mDAS c127259d127259 00104070aLbLd2015-06-29eCen Lib/Retg0.00l0o509.2 DASpB-011516r2015-06-29 00:00:00t1v0.00w2015-06-29yEN